| 000 | 01545nab a22002537a 4500 | ||
|---|---|---|---|
| 999 |
_c5400 _d5400 |
||
| 003 | OSt | ||
| 005 | 20250311125205.0 | ||
| 008 | 190604e xxu||||| |||| 00| 0 spa d | ||
| 040 | _cPJ | ||
| 100 |
_96426 _aBrandt, María Inés |
||
| 245 | 1 | 0 |
_aLineamientos del nuevo Régimen de Incentivo para Grandes Inversiones (RIGI) / _cMaría Inés Brandt. |
| 260 |
_aCiudad Autónoma de Buenos Aires : _bThomson Reuters La Ley, _c2024. |
||
| 300 | _ap. 5-15 | ||
| 500 | _aCita Online: TR LALEY AR/DOC/1897/2024. | ||
| 505 | _aSumario: I. Introducción.— II. Condiciones de adhesión.— III. Condiciones de permanencia en el RIGI.— IV. Incentivos, garantías y estabilidad.— V. Articulación con jurisdicciones locales.— VI. Articulación con otros regímenes promocionales.— VII. Terminación de los incentivos bajo el RIGI.— VIII. Régimen infraccional y sancionatorio.— IX. Protección bajo los tratados de promoción y protección recíproca de inversiones.— X. Solución de controversias.— XI. Entrada en vigencia y reglamentación. | ||
| 505 | _t¿Te interesa el texto completo? Solicitalo al correo: koha@justierradelfuego.gov.ar | ||
| 650 | 0 |
_94919 _aIMPUESTO A LAS GANANCIAS |
|
| 650 | 0 |
_93232 _aDERECHO ADUANERO |
|
| 650 | 0 |
_96123 _aDERECHOS DE EXPORTACION |
|
| 650 | 0 |
_96427 _aDERECHOS DE IMPORTACIÓN |
|
| 650 | 0 |
_96122 _aTRIBUTOS ADUANEROS |
|
| 773 | 0 |
_02714 _93171 _dCiudad Autónoma de Buenos Aires : Thomson Reuters La Ley, 2014- _tRevista anales de legislación argentina. Nº 8 - Agosto 2024. |
|
| 942 |
_2udc _cANA |
||